000 00649 a2200253 4500
260 _aRosny-sous-bois
630 _a657 - Comptabilité
037 _b1, Achat
650 _a6 - SCIENCES APPLIQUEES
100 _aGilot, Jean
700 _aLefebvre, Daniel
260 _bBréal
245 _aPrécis de comptabilité générale : cours et exercices résolus
300 _a335 p.
650 _aComptabilité : manuel
260 _c1992
300 _b24cm
100 _lFr
440 _aCollection Enseignement Supérieur des Techniques de l'Entreprise
037 _aDe 7237
020 _a2 85394 584 7
999 _c42099
_d42099